<?xml version="1.0" encoding="UTF-8"?>
<record
    xmlns:xsi="http://www.w3.org/2001/XMLSchema-instance"
    xsi:schemaLocation="http://www.loc.gov/MARC21/slim http://www.loc.gov/standards/marcxml/schema/MARC21slim.xsd"
    xmlns="http://www.loc.gov/MARC21/slim">

  <leader>02059nam0a2200385   4500</leader>
  <controlfield tag="001">RU\NLR\bibl\1474592</controlfield>
  <controlfield tag="005">20250616003357.0</controlfield>
  <datafield tag="010" ind1=" " ind2=" ">
    <subfield code="a">978-5-8154-0172-3</subfield>
    <subfield code="9">350</subfield>
  </datafield>
  <datafield tag="021" ind1=" " ind2=" ">
    <subfield code="a">RU</subfield>
    <subfield code="b">2009-104197</subfield>
    <subfield code="9">6634</subfield>
  </datafield>
  <datafield tag="035" ind1=" " ind2=" ">
    <subfield code="a">(nilc)EL/0000307414</subfield>
  </datafield>
  <datafield tag="035" ind1=" " ind2=" ">
    <subfield code="a">RSL-KNO-004501522</subfield>
  </datafield>
  <datafield tag="035" ind1=" " ind2=" ">
    <subfield code="a">(NLR Aleph) 001466265</subfield>
  </datafield>
  <datafield tag="090" ind1=" " ind2=" ">
    <subfield code="a">1614964</subfield>
    <subfield code="c">1614964</subfield>
  </datafield>
  <datafield tag="100" ind1=" " ind2=" ">
    <subfield code="a">20091204d2009    |||y0rusy50      ca</subfield>
  </datafield>
  <datafield tag="101" ind1="0" ind2=" ">
    <subfield code="a">rus</subfield>
  </datafield>
  <datafield tag="102" ind1=" " ind2=" ">
    <subfield code="a">RU</subfield>
  </datafield>
  <datafield tag="105" ind1=" " ind2=" ">
    <subfield code="a">a   z   |||||</subfield>
  </datafield>
  <datafield tag="200" ind1="1" ind2=" ">
    <subfield code="a">&#x428;&#x430;&#x445;&#x442;&#x435;&#x440;&#x44B; &#x438; "&#x43D;&#x430;&#x447;&#x430;&#x43B;&#x44C;&#x441;&#x442;&#x432;&#x43E;" &#x43E; &#x440;&#x430;&#x431;&#x43E;&#x447;&#x435;&#x43C; &#x434;&#x432;&#x438;&#x436;&#x435;&#x43D;&#x438;&#x438; &#x41A;&#x443;&#x437;&#x431;&#x430;&#x441;&#x441;&#x430; &#x432; 1989-90-&#x435; &#x433;&#x433;.</subfield>
    <subfield code="e">&#x43A; 20-&#x43B;&#x435;&#x442;&#x438;&#x44E; &#x437;&#x430;&#x431;&#x430;&#x441;&#x442;&#x43E;&#x432;&#x43A;&#x438;</subfield>
    <subfield code="e">(&#x438;&#x441;&#x442;&#x43E;&#x440;&#x438;&#x43E;&#x433;&#x440;&#x430;&#x444;&#x438;&#x44F;. &#x410;&#x43D;&#x430;&#x43B;&#x438;&#x437;. &#x41C;&#x43D;&#x435;&#x43D;&#x438;&#x44F;)</subfield>
    <subfield code="f">&#x41B;&#x43E;&#x43F;&#x430;&#x442;&#x438;&#x43D; &#x41B;.&#x41D;.</subfield>
    <subfield code="g">&#x413;&#x41E;&#x423; &#x412;&#x41F;&#x41E; &#x41A;&#x435;&#x43C;&#x435;&#x440;. &#x433;&#x43E;&#x441;. &#x43C;&#x435;&#x434;. &#x430;&#x43A;&#x430;&#x434;., &#x41A;&#x430;&#x444;&#x435;&#x434;&#x440;&#x430; &#x438;&#x441;&#x442;&#x43E;&#x440;&#x438;&#x438; &#x438; &#x43F;&#x441;&#x438;&#x445;&#x43E;&#x43B;&#x43E;&#x433;&#x438;&#x438;</subfield>
  </datafield>
  <datafield tag="210" ind1=" " ind2=" ">
    <subfield code="a">&#x41A;&#x435;&#x43C;&#x435;&#x440;&#x43E;&#x432;&#x43E;</subfield>
    <subfield code="c">&#x418;&#x437;&#x434;-&#x432;&#x43E; &#x41A;&#x435;&#x43C;&#x435;&#x440;&#x43E;&#x432;&#x441;&#x43A;&#x43E;&#x433;&#x43E; &#x433;&#x43E;&#x441;&#x443;&#x434;&#x430;&#x440;&#x441;&#x442;&#x432;&#x435;&#x43D;&#x43D;&#x43E;&#x433;&#x43E; &#x443;&#x43D;&#x438;&#x432;&#x435;&#x440;&#x441;&#x438;&#x442;&#x435;&#x442;&#x430; &#x43A;&#x443;&#x43B;&#x44C;&#x442;&#x443;&#x440;&#x44B; &#x438; &#x438;&#x441;&#x441;&#x43A;&#x443;&#x441;&#x442;&#x432;</subfield>
    <subfield code="d">2009</subfield>
  </datafield>
  <datafield tag="215" ind1=" " ind2=" ">
    <subfield code="a">224 &#x441;.</subfield>
    <subfield code="d">21</subfield>
  </datafield>
  <datafield tag="320" ind1=" " ind2=" ">
    <subfield code="a">&#x418;&#x43C;&#x435;&#x43D;. &#x443;&#x43A;&#x430;&#x437;. &#x43B;&#x438;&#x434;&#x435;&#x440;&#x43E;&#x432; &#x440;&#x430;&#x431;&#x43E;&#x447;&#x435;&#x433;&#x43E; &#x434;&#x432;&#x438;&#x436;&#x435;&#x43D;&#x438;&#x44F; &#x41A;&#x443;&#x437;&#x431;&#x430;&#x441;&#x441;&#x430;, &#x447;&#x44C;&#x438; &#x432;&#x44B;&#x441;&#x43A;&#x430;&#x437;&#x44B;&#x432;&#x430;&#x43D;&#x438;&#x44F; &#x446;&#x438;&#x442;&#x438;&#x440;&#x443;&#x44E;&#x442;&#x441;&#x44F; &#x432; &#x43A;&#x43D;.: &#x441;. 219-220</subfield>
  </datafield>
  <datafield tag="320" ind1=" " ind2=" ">
    <subfield code="a">&#x418;&#x43C;&#x435;&#x43D;. &#x443;&#x43A;&#x430;&#x437;. &#x446;&#x438;&#x442;&#x438;&#x440;&#x443;&#x435;&#x43C;&#x44B;&#x445; &#x432; &#x43A;&#x43D;&#x438;&#x433;&#x435; &#x43B;&#x438;&#x446;, &#x43D;&#x435; &#x432;&#x445;&#x43E;&#x434;&#x438;&#x432;&#x448;&#x438;&#x445; &#x432; &#x441;&#x442;&#x440;&#x443;&#x43A;&#x442;&#x443;&#x440;&#x44B; &#x440;&#x430;&#x431;&#x43E;&#x447;&#x435;&#x433;&#x43E; &#x434;&#x432;&#x438;&#x436;&#x435;&#x43D;&#x438;&#x44F; &#x41A;&#x443;&#x437;&#x431;&#x430;&#x441;&#x441;&#x430;: &#x441;. 221-222</subfield>
  </datafield>
  <datafield tag="320" ind1=" " ind2=" ">
    <subfield code="a">&#x411;&#x438;&#x431;&#x43B;&#x438;&#x43E;&#x433;&#x440;. &#x432; &#x43F;&#x43E;&#x434;&#x441;&#x442;&#x440;&#x43E;&#x447;. &#x43F;&#x440;&#x438;&#x43C;&#x435;&#x447;.</subfield>
  </datafield>
  <datafield tag="606" ind1="0" ind2=" ">
    <subfield code="a">&#x428;&#x430;&#x445;&#x442;&#x435;&#x440;&#x441;&#x43A;&#x43E;&#x435; &#x434;&#x432;&#x438;&#x436;&#x435;&#x43D;&#x438;&#x435;</subfield>
    <subfield code="y">&#x41A;&#x443;&#x437;&#x431;&#x430;&#x441;&#x441;</subfield>
    <subfield code="z">1989 - 1991</subfield>
    <subfield code="9">2270468</subfield>
    <subfield code="3">RU\NLR\auth\661360866</subfield>
  </datafield>
  <datafield tag="686" ind1=" " ind2=" ">
    <subfield code="a">63.3(2&#x420;-4&#x41A;&#x435;&#x43C;)</subfield>
    <subfield code="v">LBC/RL</subfield>
    <subfield code="2">rubbk</subfield>
  </datafield>
  <datafield tag="686" ind1=" " ind2=" ">
    <subfield code="a">&#x422;3(2)74-429&#x41A;&#x443;&#x437;&#x431;&#x430;&#x441;&#x441;,013.1</subfield>
    <subfield code="2">rubbk</subfield>
  </datafield>
  <datafield tag="686" ind1=" " ind2=" ">
    <subfield code="a">&#x422;3(2&#x420;)64-429&#x41A;&#x443;&#x437;&#x431;&#x430;&#x441;&#x441;,013.1</subfield>
    <subfield code="2">rubbk</subfield>
  </datafield>
  <datafield tag="686" ind1=" " ind2=" ">
    <subfield code="a">&#x422;3(2)74-4</subfield>
  </datafield>
  <datafield tag="700" ind1=" " ind2="1">
    <subfield code="a">&#x41B;&#x43E;&#x43F;&#x430;&#x442;&#x438;&#x43D;</subfield>
    <subfield code="b">&#x41B;. &#x41D;.</subfield>
    <subfield code="g">&#x41B;&#x435;&#x43E;&#x43D;&#x438;&#x434; &#x41D;&#x438;&#x43A;&#x43E;&#x43B;&#x430;&#x435;&#x432;&#x438;&#x447;</subfield>
    <subfield code="4">070</subfield>
  </datafield>
  <datafield tag="801" ind1=" " ind2="0">
    <subfield code="a">RU</subfield>
    <subfield code="b">&#x41A;&#x435;&#x43C;&#x435;&#x440;&#x43E;&#x432;&#x441;&#x43A;&#x430;&#x44F; &#x41E;&#x41D;&#x411;</subfield>
    <subfield code="c">20091204</subfield>
    <subfield code="g">rcr</subfield>
  </datafield>
  <datafield tag="801" ind1=" " ind2="1">
    <subfield code="a">RU</subfield>
    <subfield code="b">&#x41A;&#x435;&#x43C;&#x435;&#x440;&#x43E;&#x432;&#x441;&#x43A;&#x430;&#x44F; &#x41E;&#x41D;&#x411;</subfield>
    <subfield code="c">20091204</subfield>
    <subfield code="2">rusmarc</subfield>
  </datafield>
  <datafield tag="801" ind1=" " ind2="2">
    <subfield code="a">RU</subfield>
    <subfield code="b">RuMoRGB</subfield>
    <subfield code="c">20091221</subfield>
  </datafield>
  <datafield tag="801" ind1=" " ind2="2">
    <subfield code="a">RU</subfield>
    <subfield code="b">NLR</subfield>
    <subfield code="c">20100217</subfield>
    <subfield code="g">rcr</subfield>
  </datafield>
  <datafield tag="942" ind1=" " ind2=" ">
    <subfield code="c">BOOK</subfield>
  </datafield>
  <datafield tag="980" ind1=" " ind2=" ">
    <subfield code="a">NB</subfield>
  </datafield>
  <datafield tag="995" ind1=" " ind2=" ">
    <subfield code="5">2010-02-17</subfield>
    <subfield code="a">ad</subfield>
    <subfield code="b">NLR01</subfield>
    <subfield code="c">NLR01</subfield>
    <subfield code="e">RF8</subfield>
    <subfield code="f">3105040</subfield>
    <subfield code="k">2010-3/4132</subfield>
    <subfield code="o">0</subfield>
    <subfield code="r">BOOK</subfield>
    <subfield code="s">201034132_</subfield>
  </datafield>
  <datafield tag="995" ind1=" " ind2=" ">
    <subfield code="5">2010-02-17</subfield>
    <subfield code="a">ad</subfield>
    <subfield code="b">NLR01</subfield>
    <subfield code="c">NLR01</subfield>
    <subfield code="e">RF8</subfield>
    <subfield code="f">3105041</subfield>
    <subfield code="k">2010-3/4132</subfield>
    <subfield code="o">0</subfield>
    <subfield code="r">BOOK</subfield>
    <subfield code="s">201034132_</subfield>
  </datafield>
</record>
